000 01205cam a2200361 a 4500
001 4227
003 FISKH
005 20240705111525.0
008 050830s2006 caua b 000 1 eng
010 _a 2005023944
020 _a0811849031
020 _a9780811849098
020 _a9780811849036
040 _aDLC
_cDLC
_dIG#
_beng
050 _aPZ7.B27576
082 _a813.6
100 1 _aBarrows, Annie.
245 1 0 _aIvy + Bean /
_cwritten by Annie Barrows ; illustrated by Sophie Blackall.
246 3 _aIvy and Bean
250 _aFirst paperback edition published in 2007
260 _aSan Francisco, Calif. :
_bChronicle Books,
_c2006.
300 _a120 pages :
_billustrations ;
_c20 cm
505 _aN
520 _aWhen seven-year-old Bean plays a mean trick on her sister, she finds unexpected support for her antics from Ivy, the new neighbor, who is less boring than Bean first suspected.
521 8 _a580
_bLexile
521 8 _aN
_bRaz-Plus
650 1 _aFriendship
_vFiction.
650 1 _aNeighbors
_vFiction.
700 1 _aBlackall, Sophie,
_eillustrator
906 _a7
_bcbc
_corignew
_d1
_eecip
_f20
_gy-gencatlg
942 _2ddc
_cBK
_n0
999 _c4227
_d4227